Memupuk semangat sanggup berkorban / (Record no. 2096)

000 -LEADER
fixed length control field nam a22 a 4500
003 - CONTROL NUMBER IDENTIFIER
control field AKMAL
005 - DATE AND TIME OF LATEST TRANSACTION
control field 20170515112759.0
008 - FIXED-LENGTH DATA ELEMENTS--GENERAL INFORMATION
fixed length control field 170515s2003 my 00 may d
020 ## - INTERNATIONAL STANDARD BOOK NUMBER
International Standard Book Number 9831921690 (kkt.):
Terms of availability RM23.00
040 ## - CATALOGING SOURCE
Original cataloging agency AKMAL
Transcribing agency AKMAL
049 00 - LOCAL HOLDINGS (OCLC)
Holding library klpmal
082 04 - DEWEY DECIMAL CLASSIFICATION NUMBER
Classification number 361.95 MOH
Edition number 21
090 00 - LOCALLY ASSIGNED LC-TYPE CALL NUMBER (OCLC); LOCAL CALL NUMBER (RLIN)
Classification number (OCLC) (R) ; Classification number, CALL (RLIN) (NR) 361.95
Local cutter number (OCLC) ; Book number/undivided call number, CALL (RLIN) MOH
090 20 - LOCALLY ASSIGNED LC-TYPE CALL NUMBER (OCLC); LOCAL CALL NUMBER (RLIN)
Classification number (OCLC) (R) ; Classification number, CALL (RLIN) (NR) 361.95
Local cutter number (OCLC) ; Book number/undivided call number, CALL (RLIN) MOH
100 0# - MAIN ENTRY--PERSONAL NAME
Personal name Mohamed Hatta Hj. Shaharom,
Dates associated with a name 1952-
9 (RLIN) 4322
245 10 - TITLE STATEMENT
Title Memupuk semangat sanggup berkorban /
Statement of responsibility, etc. Prof. Dr.Mohamed Hatta Shaharom, Dr. Noor Aini Raimi, Dr. Muhammad Munawar
260 ## - PUBLICATION, DISTRIBUTION, ETC.
Place of publication, distribution, etc. Bentong, Pahang :
Name of publisher, distributor, etc. PTS Publications & Distributors,
Date of publication, distribution, etc. 2003
300 00 - PHYSICAL DESCRIPTION
Extent 213ms. :
Other physical details il., peta ;
Dimensions 23cm
440 #0 - SERIES STATEMENT/ADDED ENTRY--TITLE
Title Siri inspirasi
9 (RLIN) 1931
500 ## - GENERAL NOTE
General note Mengandungi indeks
504 ## - BIBLIOGRAPHY, ETC. NOTE
Bibliography, etc. note Bibliografi : ms. [211]
650 #0 - SUBJECT ADDED ENTRY--TOPICAL TERM
Topical term or geographic name entry element Humanitarian assistance, Malaysian
9 (RLIN) 4323
650 #0 - SUBJECT ADDED ENTRY--TOPICAL TERM
Topical term or geographic name entry element Social service
General subdivision Personal narratives
Geographic subdivision Iraq
9 (RLIN) 4324
650 #0 - SUBJECT ADDED ENTRY--TOPICAL TERM
Topical term or geographic name entry element Social service
General subdivision Personal narratives
Geographic subdivision Serbia
-- Kosova
9 (RLIN) 4325
650 #0 - SUBJECT ADDED ENTRY--TOPICAL TERM
Topical term or geographic name entry element Social service
General subdivision Personal narratives
Geographic subdivision Afghanistan
9 (RLIN) 4326
700 0# - ADDED ENTRY--PERSONAL NAME
Personal name Noor Aini Raimi
9 (RLIN) 4327
700 0# - ADDED ENTRY--PERSONAL NAME
Personal name Muhammad Munawar
9 (RLIN) 4328
942 ## - ADDED ENTRY ELEMENTS (KOHA)
Source of classification or shelving scheme
Koha item type Book
Holdings
Withdrawn status Lost status Source of classification or shelving scheme Damaged status Not for loan Collection code Home library Current library Date acquired Inventory number Total Checkouts Full call number Barcode Date last seen Price effective from Koha item type
          NON-FICTION AKMAL Melaka AKMAL Melaka 15.05.2017 304456   361.95 MOH 201706311 15.05.2017 15.05.2017 Book
          NON-FICTION AKMAL Melaka AKMAL Melaka 15.05.2017 304455   361.95 MOH 201706312 15.05.2017 15.05.2017 Book
Pusat Sumber Maklumat Dato' Haji Sarmin Md Hussin, Akademi Kastam Diraja Malaysia, Melaka
Tel: 06-2331106 | Faks: 06-2313787